00480nam a2200145Ia 450000500170000000800410001702000180005808200200007610000640009624501130016025000120027326000270028530000130031244000090032520240919141558.0240126s9999 xx 000 0 und d a9780321919168 a004.6 LIM;1 R aLimoncelli, Thomas A. Hogan, Christina J. Chalup, Strata R. 4aThe practice of system and network administration : Devops and other best practices for enterprise IT, Vol.1 a3rd ed. bAddison WesleyaBoston ali, 1168 aNULL